00444nam a2200181Ia 4500003000900000008004100009040001300050040001300063041000800076100001800084245006900102250002200171260002300193260000900216300001100225300002000236490000600256IT-RoPAU120407s9999 xx 000 0 und d aIT-RoPAU cIT-RoPAU aita aGeorge Devine aGli affari hanno un anima? 101 domande su l’Etica Commerciale aCinisello Balsamo aSan Paolo Edizioni c1999 a160 p. c20 brossura cm v1